| Tag |
First Indicator |
Second Indicator |
Subfields |
| LEADER |
00000cam a2200000Ia 4500 |
| 001 |
in00002301321 |
| 005 |
20190326191533.0 |
| 006 |
m | d | |
| 007 |
cr |n||||||||n |
| 008 |
880711s1842 xx s 000 0 spa d |
| 040 |
|
|
|a DLM
|c GKR
|d OCL
|d Thomson Gale
|d UtOrBLW
|
| 043 |
|
|
|a n-mx---
|
| 100 |
1 |
|
|a Antuñano, Estevan de.
|
| 245 |
1 |
0 |
|a Economia política en Mexico :
|b apuntes para la historia de la industria mexicana : aviso importante y respetuoso que se dirige al superior gobierno, á la Exma. Junta Departamental de Puebla, á su Exmo. Ayuntamiento, juntas de yndustria y de fomento y á todos los amantes de la industria nacional.
|
| 264 |
|
1 |
|a Puebla :
|b Imprenta antigua en el Portal de las flores,
|c 1842.
|
| 300 |
|
|
|a 10 pages ;
|c 20 cm.
|
| 336 |
|
|
|a text
|b txt
|2 rdacontent
|
| 337 |
|
|
|a computer
|b c
|2 rdamedia
|
| 338 |
|
|
|a online resource
|b cr
|2 rdacarrier
|
| 500 |
|
|
|a Signed: E. de Antuñano.
|
| 500 |
|
|
|a Reproduction of original from Kress Library of Business and Economics, Harvard University.
|
| 500 |
|
|
|a Goldsmiths'-Kress number 32595.2.
|
| 510 |
4 |
|
|a OCLC,
|c 18197974
|
| 533 |
|
|
|a Electronic reproduction.
|b Farmington Hills, Mich. :
|c Thomson Gale,
|d 2005.
|f (The making of the modern world).
|n Available via the World Wide Web.
|n Access limited to licensing agreements.
|7 s2005 miunns
|
| 500 |
|
|
|a Electronic resource.
|
| 650 |
|
0 |
|a Cotton manufacture
|z Mexico.
|
| 655 |
|
0 |
|a Electronic books.
|
| 830 |
|
0 |
|a Making of the modern world (Goldsmiths'-Kress Library of Economic Literature)
|
| 856 |
4 |
0 |
|u http://proxy.library.tamu.edu/login?url=http://galenet.galegroup.com/servlet/MOME?af=RN&ae=U106135702&srchtp=a&ste=14&locID=txshracd2898
|z Connect to the full text of this electronic book
|t 0
|
| 999 |
|
|
|a MARS
|
| 999 |
f |
f |
|s 04678e75-91d1-3504-b2b3-3f2011d3b756
|i fa65feda-a41a-3b24-8648-62a89b767cf2
|t 0
|
| 952 |
f |
f |
|a Texas A&M University
|b College Station
|c Electronic Resources
|d Available Online
|t 0
|h No information provided
|
| 998 |
f |
f |
|t 0
|l Available Online
|